000
00307nam a2200121Ia 4500
008
190216s9999||||xx |||||||||||||| ||und||
100
_a
Kunhipacky K&Amp;Muhammed Ali P K
245
0
_a
India Charitram
260
_b
Kerala Bhasha Institute
_c
1986
300
_a
263p
650
_a
Indian History
942
_c
BK
999
_c
18867
_d
18867